| 000 | 00575nam a2200217 a 4500 | ||
|---|---|---|---|
| 999 |
_c6402 _d6402 |
||
| 001 | 6402 | ||
| 003 | BD-JhCC | ||
| 005 | 20180217185351.0 | ||
| 008 | 180122s1961 uk |||| |||| 000 0 eng d | ||
| 035 | _a(BD-JhCC) | ||
| 040 |
_aBD-JhCC _dBD-JhCC |
||
| 041 | _aeng | ||
| 082 |
_a398.2 _bSTO 1961 |
||
| 100 | _aSerraillier, Ian | ||
| 245 |
_aThe Gorgon's Head : _bthe story of Perseus / _cIan Serraillier, William Stobbs |
||
| 260 |
_aLondon: _bOxford University Press; _c1961 |
||
| 300 |
_a70 p;, _c22 cm |
||
| 650 | _aPersevs | ||
| 700 | _aStobbs, William | ||
| 942 |
_2ddc _cBK |
||